Nombra los 20 mejores equipos nacionales de fútbol del mundo 2024 - Estadísticas

Estadísticas generales
  • Esta prueba ha sido intentada 342 veces
  • La puntuación promedio es 17 de 20
Estadísticas de respuestas
Hint Respuesta % Correcto
1 Argentina
99%
5 Brasil
99%
2 Francia
99%
8 España
97%
3 Inglaterra
94%
16 Alemania
93%
9 Italia
93%
7 Portugal
93%
4 Bélgica
91%
14 Colombia
89%
6 Países Bajos
87%
11 Uruguay
85%
12 Estados Unidos
82%
13 Marruecos
82%
15 México
82%
10 Croacia
79%
17 Japón
75%
18 Suiza
69%
19 Dinamarca
57%
20 Senegal
53%
No se encontraron pruebas coincidentes
Distribución de puntuación
Porcentaje de gente con cada puntuación
Porcentaje por número respondido
Historial de tus puntuaciones
No has intentado esta prueba.